Small worlds : (Record no. 57)

MARC details
000 -LEADER
fixed length control field 01183pam a2200313 a 4500
005 - DATE AND TIME OF LATEST TRANSACTION
control field 20260322212004.0
008 - FIXED-LENGTH DATA ELEMENTS--GENERAL INFORMATION
fixed length control field data
010 ## - LIBRARY OF CONGRESS CONTROL NUMBER
LC control number 90005452
020 ## - INTERNATIONAL STANDARD BOOK NUMBER
International Standard Book Number 0671700146 (hardcover) :
Terms of availability {dollar}13.95 ({dollar}18.95 Can.)
020 ## - INTERNATIONAL STANDARD BOOK NUMBER
International Standard Book Number 0671700138
020 ## - INTERNATIONAL STANDARD BOOK NUMBER
International Standard Book Number 9780671700133
020 ## - INTERNATIONAL STANDARD BOOK NUMBER
International Standard Book Number 9780671700140 (hardcover) :
Terms of availability {dollar}13.95 ({dollar}18.95 Can.)
040 ## - CATALOGING SOURCE
Original cataloging agency DLC
Transcribing agency DLC
Modifying agency DLC
042 ## - AUTHENTICATION CODE
Authentication code lcac
050 00 - LIBRARY OF CONGRESS CALL NUMBER
Classification number QB401.5
Item number .K453 1990
082 00 - DEWEY DECIMAL CLASSIFICATION NUMBER
Classification number 523.9/8
Edition information 20
092 ## - LOCALLY ASSIGNED DEWEY CALL NUMBER (OCLC)
Classification number 523.9 K453 1990
001 - CONTROL NUMBER
control field data
100 1# - MAIN ENTRY--PERSONAL NAME
Personal name Kelch, Joseph W.,
Dates associated with a name 1958-
245 10 - TITLE STATEMENT
Title Small worlds :
Remainder of title exploring the 60 moons of our solar system /
Statement of responsibility, etc. Joseph W. Kelch.
260 ## - PUBLICATION, DISTRIBUTION, ETC.
Place of publication, distribution, etc. Englewood Cliffs, NJ :
Name of publisher, distributor, etc. J. Messner,
Date of publication, distribution, etc. c1990.
300 ## - PHYSICAL DESCRIPTION
Extent 157 p., [8] p. of plates :
Other physical details ill. (some col.) ;
Dimensions 26 cm.
500 ## - GENERAL NOTE
General note Includes index.
520 ## - SUMMARY, ETC.
Summary, etc. Discusses the origin and characteristics of each of the moons circling the planets of the solar system and presents information on both manned and unmanned space exploration.
650 #0 - SUBJECT ADDED ENTRY--TOPICAL TERM
Topical term or geographic name entry element Satellites
General subdivision Juvenile literature.
650 #1 - SUBJECT ADDED ENTRY--TOPICAL TERM
Topical term or geographic name entry element Satellites.
651 #0 - SUBJECT ADDED ENTRY--GEOGRAPHIC NAME
Geographic name Outer space
General subdivision Juvenile literature.
-- Juvenile literature.
651 #1 - SUBJECT ADDED ENTRY--GEOGRAPHIC NAME
Geographic name Outer space
General subdivision Exploration.
Holdings
Withdrawn status Lost status Damaged status Not for loan Home library Current library Shelving location Date acquired Total checkouts Full call number Barcode Date last seen Price effective from Koha item type
        Franklin Franklin General stacks 22/03/2026   523.9/8 20 BC0010057 22/03/2026 22/03/2026 Books